Applied economics / (Record no. 17289)
[ view plain ]
| 000 -LEADER | |
|---|---|
| fixed length control field | 00899nam a22002655a 4500 |
| 001 - CONTROL NUMBER | |
| control field | 16765254 |
| 005 - DATE AND TIME OF LATEST TRANSACTION | |
| control field | 20201128020939.0 |
| 008 - FIXED-LENGTH DATA ELEMENTS--GENERAL INFORMATION | |
| fixed length control field | 110506s2012 enka frb 001 0 eng d |
| 020 ## - INTERNATIONAL STANDARD BOOK NUMBER | |
| International Standard Book Number | 9780273736905 (pbk.) |
| 040 ## - CATALOGING SOURCE | |
| Original cataloging agency | EG-ScBUE |
| Language of cataloging | eng |
| Transcribing agency | EG-ScBUE |
| 043 ## - GEOGRAPHIC AREA CODE | |
| Geographic area code | e-uk--- |
| 082 04 - DEWEY DECIMAL CLASSIFICATION NUMBER | |
| Classification number | 330.941 |
| Item number | APP |
| Edition number | 22 |
| 245 00 - TITLE STATEMENT | |
| Title | Applied economics / |
| Statement of responsibility, etc | edited by Alan Griffiths and Stuart Wall. |
| 250 ## - EDITION STATEMENT | |
| Edition statement | 12th ed. |
| 260 ## - PUBLICATION, DISTRIBUTION, ETC. (IMPRINT) | |
| Place of publication, distribution, etc | Harlow : |
| Name of publisher, distributor, etc | Pearson Education Limited, |
| Date of publication, distribution, etc | 2012. |
| 300 ## - PHYSICAL DESCRIPTION | |
| Extent | xxxii, 696 p. : |
| Other physical details | ill. (col.) ; |
| Dimensions | 25 cm. |
| 500 ## - GENERAL NOTE | |
| General note | Index : p. 677-696. |
| 504 ## - BIBLIOGRAPHY, ETC. NOTE | |
| Bibliography, etc | Includes bibliographical references. |
| 650 #7 - SUBJECT ADDED ENTRY--TOPICAL TERM | |
| Topical term or geographic name as entry element | Economics. |
| Source of heading or term | BUEsh |
| 9 (RLIN) | 720 |
| 651 #0 - SUBJECT ADDED ENTRY--GEOGRAPHIC NAME | |
| Geographic name | Great Britain |
| General subdivision | Economic conditions |
| Chronological subdivision | 20th century. |
| Source of heading or term | BUEsh |
| 9 (RLIN) | 34918 |
| 653 ## - INDEX TERM--UNCONTROLLED | |
| Resource For college | BAEPS, Economics |
| Arrived date list | August2015 |
| -- | February2016 |
| 700 1# - ADDED ENTRY--PERSONAL NAME | |
| Personal name | Griffiths, Alan, |
| Dates associated with a name | 1944- |
| Relator term | editor. |
| 9 (RLIN) | 32588 |
| 700 1# - ADDED ENTRY--PERSONAL NAME | |
| Personal name | Wall, Stuart, |
| Dates associated with a name | 1946- |
| Relator term | editor. |
| 9 (RLIN) | 32589 |
| 942 ## - ADDED ENTRY ELEMENTS (KOHA) | |
| Source of classification or shelving scheme | Dewey Decimal Classification |
| Withdrawn status | Item status | Source of classification or shelving scheme | Materials specified (bound volume or other part) | Damaged status | Not for loan | Vendor | Home library | Current library | Shelving location | Date acquired | Source of acquisition | Total Checkouts | Full call number | Barcode | Date last seen | Date last borrowed | Koha item type | Total Renewals |
|---|---|---|---|---|---|---|---|---|---|---|---|---|---|---|---|---|---|---|
| Lost | Dewey Decimal Classification | Lost In Inventory_2015-8-23 | Baccah | Central Library | Central Library | First floor | 13/02/2013 | Purchase | 2 | 330.941 APP | 000028213 | 23/06/2013 | 09/05/2013 | NB - Book (Non borrowing) | ||||
| Dewey Decimal Classification | Baccah | Central Library | Central Library | First floor | 13/02/2013 | Purchase | 16 | 330.941 APP | 000028214 | 15/07/2025 | 28/01/2020 | Book - Borrowing | 80 | |||||
| Dewey Decimal Classification | Baccah | Central Library | Central Library | First floor | 13/02/2013 | Purchase | 7 | 330.941 APP | 000028215 | 15/07/2025 | 14/05/2015 | NB - Book (Non borrowing) | 50 | |||||
| Dewey Decimal Classification | Baccah | Central Library | Central Library | First floor | 23/01/2014 | Purchase | 23 | 330.941 APP | 000035457 | 15/07/2025 | 05/04/2021 | Book - Borrowing | 82 | |||||
| Dewey Decimal Classification | Baccah | Central Library | Central Library | First floor | 23/01/2014 | Purchase | 14 | 330.941 APP | 000035458 | 15/07/2025 | 09/01/2022 | Book - Borrowing | 88 | |||||
| Dewey Decimal Classification | Baccah | Central Library | Central Library | First floor | 23/01/2014 | Purchase | 14 | 330.941 APP | 000035459 | 15/07/2025 | 02/10/2023 | Book - Borrowing | 41 |